000 00443 a2200157 4500
001 188337
020 _a978-85-31508-00-5
040 _cMagnum
100 _aTeixeira, Geraldo Magela
240 1 0 _aCompromisso com a educação: humanismo, paixão e êxito
_lpor
245 1 0 _aCompromisso com a educação: humanismo, paixão e êxito
300 _a270
362 0 _a2008
697 _aEDUCAÇÃO EM GERAL E DISCIPLINAS AFINS
942 _cBK
999 _c188337
_d188337